[Event "Roncana op-C 6th"]
[Site "Santa Eulalia de Roncana"]
[Date "2012.10.06"]
[Round "1.9"]
[White "Punsola Mena, Pol"]
[Black "Las Heras Aixandri, Laia"]
[Result "1-0"]
[WhiteElo "1755"]
[BlackElo "1700"]
[PlyCount "45"]
[EventDate "2012.10.06"]
[EventType "swiss"]
[EventRounds "8"]
[EventCountry "ESP"]
[SourceTitle "EXT 2024"]
[Source "ChessBase"]
[SourceDate "2023.10.10"]
[SourceVersion "1"]
[SourceVersionDate "2023.10.10"]
[SourceQuality "1"]

1. e4 e5 2. Nf3 Nc6 3. Bc4 Nf6 4. Ng5 Be7 5. Nxf7 d5 6. Nxd8 Nxd8 7. exd5 0-0 8. d6+ Kh8 9. dxe7 Re8 10. exd8Q Rxd8 11. Nc3 e4 12. 0-0 Re8 13. d3 Bg4 14. Qe1 exd3 15. Qd2 c6 16. Qxd3 Re7 17. Qd6 Ng8 18. Bxg8 Rxg8 19. Qxe7 Bh5 20. Qxb7 Re8 21. Qxa7 Be2 22. Re1 Bd3 23. Rxe8# 1-0